[Event "Leipzig VfB op 24th"]
[Site "Leipzig"]
[Date "2017.03.25"]
[Round "9"]
[White "Fischbach, Rainer"]
[Black "Andreadakis, Kai"]
[Result "1-0"]
[WhiteElo "1867"]
[BlackElo "1708"]
[PlyCount "53"]
[EventDate "2017.03.21"]
[EventType "swiss"]
[EventRounds "9"]
[EventCountry "GER"]
[SourceTitle "EXT 2018"]
[Source "ChessBase"]
[SourceDate "2017.10.13"]
[SourceVersion "1"]
[SourceVersionDate "2017.10.13"]
[SourceQuality "1"]

1. b4 e5 2. Bb2 Bxb4 3. Bxe5 Nf6 4. e3 Nc6 5. Bb2 d5 6. Nf3 Bg4 7. Be2 0-0 8. 0-0 Qe7 9. h3 Bf5 10. Bb5 Nd8 11. Be2 c5 12. c4 Rc8 13. Nc3 Qd6 14. Nb5 Qb6 15. Bxf6 Qxf6 16. cxd5 c4 17. Qa4 Bc5 18. Nbd4 Bd3 19. Bxd3 cxd3 20. Rfc1 a6 21. Qd7 Bxd4 22. Nxd4 Rxc1+ 23. Rxc1 b5 24. Rc8 Qb6 25. Nc6 Nxc6 26. Rxf8+ Kxf8 27. dxc6 1-0